[Event "GER MS-245 email"]
[Site "GER email"]
[Date "2016.08.11"]
[Round "?"]
[White "Hoffmann, Heiko"]
[Black "Rach, Jens"]
[Result "1/2-1/2"]
[WhiteElo "1896"]
[BlackElo "2094"]
[PlyCount "60"]
[EventDate "2016.08.17"]
[EventType "tourn (corr)"]
[EventRounds "6"]
[EventCountry "GER"]
[SourceTitle "Corr 2020"]
[Source "ChessBase"]
[SourceDate "2019.09.30"]
[SourceVersion "1"]
[SourceVersionDate "2019.09.30"]
[SourceQuality "1"]

1. e4 c5 2. c3 e5 3. d4 cxd4 4. cxd4 exd4 5. Nf3 Bb4+ 6. Bd2 Bc5 7. Bc4 Nf6 8. b4 Bb6 9. e5 d5 10. Bb5+ Nfd7 11. Bg5 Qc7 12. 0-0 Nc6 13. Nbd2 0-0 14. Bxc6 bxc6 15. Be7 Re8 16. Bd6 Qd8 17. Re1 f6 18. Rc1 Nxe5 19. Bxe5 fxe5 20. Nxe5 Bb7 21. Ndf3 Qd6 22. Qc2 h6 23. Qf5 Re7 24. Ng6 Rf7 25. Qb1 Bc7 26. Nfe5 Rf6 27. f4 Re8 28. g3 a5 29. a3 d3 30. Nxd3 Rxe1+ 1/2-1/2

[Event "GER MS-245 email"]
[Site "GER email"]
[Date "2016.08.11"]
[Round "?"]
[White "Rach, Jens"]
[Black "Maetzig, Ralf"]
[Result "1/2-1/2"]
[WhiteElo "2094"]
[BlackElo "2054"]
[PlyCount "53"]
[EventDate "2016.08.17"]
[EventType "tourn (corr)"]
[EventRounds "6"]
[EventCountry "GER"]
[SourceTitle "Corr 2020"]
[Source "ChessBase"]
[SourceDate "2019.09.30"]
[SourceVersion "1"]
[SourceVersionDate "2019.09.30"]
[SourceQuality "1"]

1. e4 e5 2. Nf3 Nc6 3. Bb5 a6 4. Ba4 Nf6 5. 0-0 Be7 6. Re1 b5 7. Bb3 d6 8. c3 0-0 9. h3 Bb7 10. d4 Nd7 11. a3 Na5 12. Ba2 c5 13. b4 cxb4 14. axb4 Nc4 15. Nbd2 Ncb6 16. Nb3 Nc4 17. Nfd2 Ndb6 18. Bb1 exd4 19. cxd4 Re8 20. Ra2 Qc7 21. Nxc4 bxc4 22. Na5 d5 23. Nxb7 Qxb7 24. Bd2 Bf8 25. Ra5 g6 26. Qf3 Rad8 27. b5 1/2-1/2

[Event "GER CM03-A email"]
[Site "GER email"]
[Date "2016.06.26"]
[Round "?"]
[White "Boehnke, Hartmut"]
[Black "Rach, Jens"]
[Result "1/2-1/2"]
[WhiteElo "2345"]
[BlackElo "2348"]
[PlyCount "101"]
[EventDate "2016.??.??"]
[EventType "tourn (corr)"]
[EventRounds "13"]
[EventCountry "GER"]
[SourceTitle "Corr 2020"]
[Source "ChessBase"]
[SourceDate "2019.09.30"]
[SourceVersion "1"]
[SourceVersionDate "2019.09.30"]
[SourceQuality "1"]

1. e4 c5 2. Nf3 Nc6 3. d4 cxd4 4. Nxd4 Nf6 5. Nc3 e5 6. Ndb5 d6 7. Bg5 a6 8. Na3 b5 9. Nd5 Be7 10. Bxf6 Bxf6 11. c3 0-0 12. Nc2 Bg5 13. a4 bxa4 14. Rxa4 a5 15. Bb5 Na7 16. Bc4 Bd7 17. Ra2 Nc8 18. 0-0 Nb6 19. Na3 Rc8 20. Nxb6 Qxb6 21. g3 g6 22. Bd5 Rc5 23. Qe2 Be6 24. Bxe6 fxe6 25. Raa1 Bf6 26. c4 Rf7 27. Rac1 Be7 28. Rc2 Rc8 29. Kg2 a4 30. h4 Qc5 31. Nb5 Rcf8 32. f3 h5 33. Qf2 Qc6 34. Qd2 Rg7 35. Ra1 g5 36. hxg5 h4 37. gxh4 Rf4 38. Qf2 Rh7 39. Rh1 Rxe4 40. fxe4 Qxe4+ 41. Kg1 Qg4+ 42. Qg2 Qd1+ 43. Qf1 Qxc2 44. Rh2 Qg6 45. Nc3 Rxh4 46. Rxh4 Qxg5+ 47. Qg2 Qxg2+ 48. Kxg2 Bxh4 49. Nxa4 Kf7 50. b4 Ke7 51. c5 1/2-1/2

[Event "GER CM03-A email"]
[Site "GER email"]
[Date "2016.06.26"]
[Round "?"]
[White "Rach, Jens"]
[Black "Kopsa, Petri"]
[Result "1-0"]
[WhiteElo "2348"]
[BlackElo "2372"]
[PlyCount "33"]
[EventDate "2016.??.??"]
[EventType "tourn (corr)"]
[EventRounds "13"]
[EventCountry "GER"]
[SourceTitle "Corr 2017"]
[Source "ChessBase"]
[SourceDate "2017.09.19"]
[SourceVersion "1"]
[SourceVersionDate "2017.09.19"]
[SourceQuality "1"]

1. e4 e6 2. d4 d5 3. Nc3 Nf6 4. e5 Nfd7 5. f4 c5 6. Nf3 Nc6 7. Be3 cxd4 8. Nxd4 Qb6 9. Qd2 Qxb2 10. Rb1 Qa3 11. Bb5 Nxd4 12. Bxd4 a6 13. Bxd7+ Bxd7 14. Rb3 Qe7 15. Rxb7 Rc8 16. 0-0 Qa3 17. Rfb1 1-0

[Event "GER CM03-A email"]
[Site "GER email"]
[Date "2016.06.26"]
[Round "?"]
[White "Rach, Jens"]
[Black "Offenborn, Heinz"]
[Result "1-0"]
[WhiteElo "2348"]
[BlackElo "2318"]
[PlyCount "115"]
[EventDate "2016.??.??"]
[EventType "tourn (corr)"]
[EventRounds "13"]
[EventCountry "GER"]
[SourceTitle "Corr 2020"]
[Source "ChessBase"]
[SourceDate "2019.09.30"]
[SourceVersion "1"]
[SourceVersionDate "2019.09.30"]
[SourceQuality "1"]

1. e4 e5 2. Nf3 Nc6 3. Bb5 a6 4. Ba4 Nf6 5. 0-0 Be7 6. Re1 b5 7. Bb3 d6 8. c3 0-0 9. h3 Na5 10. Bc2 c5 11. d4 Nd7 12. d5 Nb6 13. Nbd2 Qe8 14. b3 f5 15. exf5 Bxf5 16. Bxf5 Rxf5 17. Ne4 Qg6 18. Be3 Raf8 19. Kh2 h6 20. c4 R5f7 21. Bd2 Nb7 22. Qe2 b4 23. Qd3 Qf5 24. a3 a5 25. Be3 Nd7 26. Nfd2 Ra8 27. Rf1 Rd8 28. f3 Rc8 29. g3 Qh7 30. Kg2 Rff8 31. h4 Nf6 32. Nf2 Qxd3 33. Nxd3 Rce8 34. Nf2 Ra8 35. Rh1 Nd8 36. Nde4 Nxe4 37. Nxe4 Nf7 38. Bd2 Rfb8 39. Kh3 Rb7 40. axb4 cxb4 41. Kg4 Kh7 42. h5 Kg8 43. Be3 Rbb8 44. Rhc1 Rc8 45. Bb6 Ra6 46. c5 dxc5 47. Bxc5 Bd8 48. Rc4 Rca8 49. d6 Ng5 50. Ra2 Bf6 51. Kf5 Kf7 52. Nxg5+ hxg5 53. g4 Kg8 54. Rd2 Kh7 55. d7 a4 56. bxa4 b3 57. Rb4 Ra5 58. Rb5 1-0